[Event "Mittelrhein Verbandsliga-N 18/19"]
[Site "Nordrheinwestfalen"]
[Date "2019.04.07"]
[Round "9.1"]
[White "Scharfenberg, Michael"]
[Black "Wimmer, Juergen"]
[Result "1/2-1/2"]
[WhiteElo "2156"]
[BlackElo "2236"]
[PlyCount "66"]
[EventDate "2018.09.02"]
[EventType "team-tourn"]
[EventRounds "12"]
[EventCountry "GER"]
[SourceTitle "EXT 2022"]
[Source "ChessBase"]
[SourceDate "2021.10.06"]
[SourceVersion "1"]
[SourceVersionDate "2021.10.06"]
[SourceQuality "1"]
[WhiteTeam "Koeln Worringen"]
[BlackTeam "Dormagen SV"]
[WhiteTeamCountry "GER"]
[BlackTeamCountry "GER"]

1. e4 d6 2. Nc3 g6 3. f4 Bg7 4. Nf3 Nf6 5. d4 0-0 6. e5 Nfd7 7. h4 c5 8. h5 cxd4 9. hxg6 dxc3 10. gxf7+ Rxf7 11. Bc4 e6 12. Ng5 Nxe5 13. Qh5 h6 14. fxe5 hxg5 15. Qh7+ Kf8 16. Qh8+ Bxh8 17. Rxh8+ Kg7 18. Rxd8 Nc6 19. Rxd6 Nxe5 20. Be2 Rc7 21. bxc3 Nf7 22. Rd3 e5 23. Rg3 Bf5 24. Bxg5 Nxg5 25. Rxg5+ Kf6 26. Rg3 Bxc2 27. Kd2 Bh7 28. Rh1 Rd8+ 29. Ke1 e4 30. Rh6+ Kf5 31. Rh5+ Kf6 32. Rh6+ Kf5 33. Rh5+ Kf6 1/2-1/2

[Event "Mittelrhein Verbandsliga-N 18/19"]
[Site "Nordrheinwestfalen"]
[Date "2018.11.18"]
[Round "4.1"]
[White "Bosbach, Stefan"]
[Black "Wimmer, Juergen"]
[Result "0-1"]
[WhiteElo "2086"]
[BlackElo "2236"]
[PlyCount "82"]
[EventDate "2018.09.02"]
[EventType "team-tourn"]
[EventRounds "12"]
[EventCountry "GER"]
[SourceTitle "EXT 2022"]
[Source "ChessBase"]
[SourceDate "2021.10.06"]
[SourceVersion "1"]
[SourceVersionDate "2021.10.06"]
[SourceQuality "1"]
[WhiteTeam "Bergische SF"]
[BlackTeam "Dormagen SV"]
[WhiteTeamCountry "GER"]
[BlackTeamCountry "GER"]

1. Nf3 d6 2. e4 Nf6 3. Nc3 c5 4. d4 cxd4 5. Qxd4 a6 6. Bg5 Nc6 7. Qd2 e6 8. 0-0-0 Be7 9. Bd3 b5 10. Rhe1 Bb7 11. Kb1 Qb8 12. h3 0-0 13. g4 Rd8 14. Qe3 Ne5 15. Nxe5 dxe5 16. f3 Qc7 17. Qg1 Rac8 18. Rc1 b4 19. Na4 Nxe4 20. Be3 Nc5 21. Nxc5 Bxc5 22. Bxc5 Qxc5 23. Qg3 e4 24. fxe4 e5 25. Rf1 Rc7 26. g5 a5 27. Rf5 Re7 28. Rcf1 Bc8 29. R5f3 Rc7 30. Qf2 Qxf2 31. R1xf2 Be6 32. h4 Kf8 33. Rg3 Ke7 34. h5 Rd4 35. b3 a4 36. g6 hxg6 37. hxg6 f6 38. bxa4 Ra7 39. Bb5 Rxe4 40. a3 bxa3 41. Rxa3 Rb4+ 0-1

[Event "Mittelrhein Verbandsliga-N 17/18"]
[Site "Nordrheinwestfalen"]
[Date "2018.02.04"]
[Round "7.1"]
[White "Wimmer, Juergen"]
[Black "Wieferig, Wolfgang"]
[Result "1-0"]
[WhiteElo "2229"]
[BlackElo "2187"]
[PlyCount "89"]
[EventDate "2017.09.10"]
[EventType "team-swiss"]
[EventRounds "11"]
[EventCountry "GER"]
[SourceTitle "EXT 2022"]
[Source "ChessBase"]
[SourceDate "2021.10.06"]
[SourceVersion "1"]
[SourceVersionDate "2021.10.06"]
[SourceQuality "1"]
[WhiteTeam "Dormagen SV"]
[BlackTeam "Eikamp Freibauer"]
[WhiteTeamCountry "GER"]
[BlackTeamCountry "GER"]

1. Nf3 Nf6 2. c4 b6 3. g3 Bb7 4. Bg2 c5 5. 0-0 g6 6. Nc3 Bg7 7. d4 cxd4 8. Qxd4 0-0 9. Qh4 Re8 10. Bg5 d6 11. Rac1 Nbd7 12. Rfd1 Rc8 13. b3 Rc5 14. b4 Rc8 15. Nd5 Bxd5 16. cxd5 Rxc1 17. Bxc1 Qc8 18. Qd4 Qa6 19. Qd3 Qxa2 20. e4 Rc8 21. Bd2 Ng4 22. h3 Nge5 23. Qb1 Qa3 24. Nd4 Rc4 25. Be1 Rxd4 26. Rxd4 Nf3+ 27. Bxf3 Bxd4 28. Kg2 Ne5 29. Be2 a5 30. bxa5 bxa5 31. Qb5 Bc3 32. Bxc3 Qxc3 33. f4 Qe3 34. fxe5 Qxe4+ 35. Bf3 Qc2+ 36. Kg1 Qc3 37. Kf2 Qxe5 38. Qxa5 h5 39. h4 e6 40. Qd8+ Kg7 41. dxe6 fxe6 42. Qe7+ Kh6 43. Qf8+ Kh7 44. Qf7+ Kh8 45. Qxg6 1-0

[Event "Mittelrhein Verbandsliga-M 15/16"]
[Site "Nordrheinwestfalen"]
[Date "2016.03.13"]
[Round "9.1"]
[White "Wimmer, Juergen"]
[Black "Bosbach, Stefan"]
[Result "1-0"]
[WhiteElo "2139"]
[BlackElo "2092"]
[PlyCount "83"]
[EventDate "2015.09.06"]
[EventType "team-tourn"]
[EventRounds "11"]
[EventCountry "GER"]
[SourceTitle "EXT 2022"]
[Source "ChessBase"]
[SourceDate "2021.10.06"]
[SourceVersion "1"]
[SourceVersionDate "2021.10.06"]
[SourceQuality "1"]
[WhiteTeam "Dormagen SV"]
[BlackTeam "Bergische SF"]
[WhiteTeamCountry "GER"]
[BlackTeamCountry "GER"]

1. Nf3 d5 2. c4 Nf6 3. cxd5 Qxd5 4. Nc3 Qa5 5. d4 Ne4 6. e3 Nc6 7. Bd2 Nxd2 8. Nxd2 e6 9. a3 a6 10. d5 Nd8 11. b4 Qb6 12. Nc4 Qa7 13. Be2 exd5 14. Nxd5 b5 15. Na5 c6 16. Nf4 Bd7 17. 0-0 Nb7 18. Nxb7 Qxb7 19. Bf3 Be7 20. Qc2 0-0 21. Nd3 a5 22. Nc5 Bxc5 23. Qxc5 axb4 24. axb4 Rxa1 25. Rxa1 Ra8 26. Rxa8+ Qxa8 27. Qxb5 cxb5 28. Bxa8 Kf8 29. Kf1 f5 30. Ke2 Ke7 31. Kd3 Kd6 32. Kd4 Be6 33. f3 Bc4 34. g3 g5 35. f4 gxf4 36. gxf4 h6 37. Bf3 Bf1 38. Bd1 Bc4 39. Bc2 Be6 40. Bd3 Bd7 41. h3 h5 42. h4 1-0

[Event "Mittelrhein Verbandsliga-M 15/16"]
[Site "Nordrheinwestfalen"]
[Date "2015.09.06"]
[Round "1.1"]
[White "Wimmer, Juergen"]
[Black "Plobst, Mathias"]
[Result "1-0"]
[WhiteElo "2139"]
[BlackElo "1898"]
[PlyCount "101"]
[EventDate "2015.09.06"]
[EventType "team-tourn"]
[EventRounds "11"]
[EventCountry "GER"]
[SourceTitle "EXT 2022"]
[Source "ChessBase"]
[SourceDate "2021.10.06"]
[SourceVersion "1"]
[SourceVersionDate "2021.10.06"]
[SourceQuality "1"]
[WhiteTeam "Dormagen SV"]
[BlackTeam "Schlebusch SF"]
[WhiteTeamCountry "GER"]
[BlackTeamCountry "GER"]

1. Nf3 g6 2. d4 d5 3. c4 dxc4 4. e4 Bg7 5. Bxc4 Nf6 6. Nc3 0-0 7. h3 Nfd7 8. Bg5 Nc6 9. Be2 Nb6 10. d5 Ne5 11. Nxe5 Bxe5 12. 0-0 Nd7 13. Bh6 Bg7 14. Bxg7 Kxg7 15. Qd4+ f6 16. Rad1 b6 17. f4 Bb7 18. Bb5 a6 19. Bc6 e5 20. Qc4 Qc8 21. f5 a5 22. a3 Rf7 23. b4 Ba6 24. Bb5 Nb8 25. Rc1 axb4 26. axb4 Qb7 27. Kh2 Bxb5 28. Nxb5 Na6 29. Rf3 Rd8 30. Ra1 Rdd7 31. Qc6 Qc8 32. Na7 Nxb4 33. Nxc8 Nxc6 34. dxc6 Rd4 35. Re3 Rc4 36. Na7 Rf8 37. Rd1 b5 38. Rd7+ Rf7 39. Red3 gxf5 40. exf5 b4 41. Rxf7+ Kxf7 42. Rd7+ Ke8 43. Rxc7 e4 44. Nb5 e3 45. Kg3 Rc5 46. Nd6+ Kf8 47. Kf3 b3 48. Rf7+ Kg8 49. Rb7 Rxc6 50. Ne4 Rc2 51. Rxb3 1-0

[Event "Niederbayernliga 0809"]
[Site "Germany"]
[Date "2008.10.05"]
[Round "1.5"]
[White "Faltlhauser, Michael"]
[Black "Wimmer, Juergen"]
[Result "1/2-1/2"]
[WhiteElo "1689"]
[BlackElo "1734"]
[PlyCount "31"]
[EventDate "2008.10.05"]
[EventType "team-tourn"]
[EventRounds "9"]
[EventCountry "GER"]
[SourceTitle "EXT 2010"]
[Source "ChessBase"]
[SourceDate "2010.11.25"]
[SourceVersion "1"]
[SourceVersionDate "2010.11.25"]
[SourceQuality "1"]
[WhiteTeam "Adlkofen"]
[BlackTeam "Vilshofen"]
[WhiteTeamCountry "GER"]
[BlackTeamCountry "GER"]

1. e4 d6 2. d4 Nf6 3. Nc3 Nbd7 4. Bc4 e5 5. Bg5 Be7 6. Nf3 0-0 7. Qd2 c6 8. 0-0-0 b5 9. dxe5 Nxe5 10. Nxe5 dxe5 11. Qxd8 Rxd8 12. Rxd8+ Bxd8 13. Rd1 Be7 14. Bb3 Kf8 15. Bxf6 gxf6 16. Ne2 1/2-1/2

[Event "Niederbayernliga 0708"]
[Site "Germany"]
[Date "2007.11.25"]
[Round "3.5"]
[White "Feicht, Bernhard"]
[Black "Wimmer, Juergen"]
[Result "1/2-1/2"]
[WhiteElo "1552"]
[BlackElo "1780"]
[PlyCount "82"]
[EventDate "2007.10.21"]
[EventType "team"]
[EventRounds "9"]
[EventCountry "GER"]
[SourceTitle "EXT 2009"]
[Source "ChessBase"]
[SourceDate "2008.11.26"]
[SourceVersion "1"]
[SourceVersionDate "2008.11.26"]
[SourceQuality "1"]
[WhiteTeam "Landau Dingolfing"]
[BlackTeam "Vilshofen"]
[WhiteTeamCountry "GER"]
[BlackTeamCountry "GER"]

1. Nf3 f5 2. e4 fxe4 3. Ng5 Nf6 4. d3 g6 5. dxe4 Nc6 6. Bc4 e6 7. 0-0 h6 8. Nf3 d6 9. e5 Nxe5 10. Nxe5 dxe5 11. Qxd8+ Kxd8 12. b3 Bg7 13. Bb2 Nd5 14. Re1 Rf8 15. Bxe5 Bxe5 16. Rxe5 c6 17. Na3 Kc7 18. Rae1 Bd7 19. Bxd5 exd5 20. Re7 Rae8 21. Rxe8 Rxe8 22. Rxe8 Bxe8 23. c3 g5 24. Nc2 Bg6 25. Ne3 Kd6 26. Kf1 a5 27. g3 Kc5 28. Ke2 d4 29. cxd4+ Kxd4 30. Kd2 b5 31. h4 c5 32. hxg5 hxg5 33. a3 Ke4 34. f4 gxf4 35. gxf4 Bf7 36. b4 axb4 37. axb4 c4 38. Nc2 Kxf4 39. Kc3 Ke4 40. Na3 Be8 41. Nxc4 bxc4 1/2-1/2

[Event "Niederbayernliga 0708"]
[Site "Germany"]
[Date "2007.03.09"]
[Round "7.3"]
[White "Autengruber, Robert"]
[Black "Wimmer, Juergen"]
[Result "1-0"]
[WhiteElo "2004"]
[BlackElo "1780"]
[PlyCount "115"]
[EventDate "2007.10.21"]
[EventType "team"]
[EventRounds "9"]
[EventCountry "GER"]
[SourceTitle "EXT 2009"]
[Source "ChessBase"]
[SourceDate "2008.11.26"]
[SourceVersion "1"]
[SourceVersionDate "2008.11.26"]
[SourceQuality "1"]
[WhiteTeam "Waldkirchen Freyung"]
[BlackTeam "Vilshofen"]
[WhiteTeamCountry "GER"]
[BlackTeamCountry "GER"]

1. b4 d5 2. Bb2 Nf6 3. e3 Bf5 4. Nf3 e6 5. a3 Be7 6. Be2 0-0 7. 0-0 Nbd7 8. Nh4 Bg6 9. Nxg6 hxg6 10. c4 c6 11. d3 a5 12. b5 dxc4 13. dxc4 cxb5 14. cxb5 Nc5 15. Bd4 Qc7 16. Nd2 Rac8 17. Nc4 Nfd7 18. Rb1 b6 19. Qc2 Bf6 20. Rfc1 Qb8 21. Qa2 Bxd4 22. exd4 Ne4 23. Bf3 Nd6 24. Bc6 Rfd8 25. Bxd7 Rxc4 26. Rxc4 Nxc4 27. Bxe6 fxe6 28. Qxc4 Qd6 29. a4 Qxd4 30. Qxe6+ Kh7 31. Qh3+ Kg8 32. Qe6+ Kh7 33. Qb3 Qd2 34. h3 Rf8 35. Qe3 Qxe3 36. fxe3 Re8 37. Kf2 Re4 38. Ra1 g5 39. Kf3 Rc4 40. Ra3 Kg6 41. Rd3 Rxa4 42. Rd6+ Kf7 43. Rxb6 Rb4 44. Rb8 a4 45. b6 a3 46. Ra8 Rxb6 47. Rxa3 Kg6 48. Rd3 Kf6 49. e4 Rb4 50. Re3 Rb5 51. Kg4 Kg6 52. e5 Rb4+ 53. Kg3 Rb7 54. e6 Re7 55. Kg4 Kf6 56. Re1 g6 57. Rf1+ Kg7 58. Rf7+ 1-0

[Event "Niederbayernliga 0607"]
[Site "Germany"]
[Date "2007.??.??"]
[Round "7.5"]
[White "Wimmer, Juergen"]
[Black "Schwarz, Gunther"]
[Result "1/2-1/2"]
[WhiteElo "1788"]
[BlackElo "1837"]
[PlyCount "32"]
[EventDate "2006.??.??"]
[EventType "team"]
[EventRounds "9"]
[EventCountry "GER"]
[SourceTitle "EXT 2008"]
[Source "ChessBase"]
[SourceDate "2007.11.25"]
[SourceVersion "1"]
[SourceVersionDate "2007.11.25"]
[SourceQuality "1"]
[WhiteTeam "Vilshofen"]
[BlackTeam "Waldkirchen"]
[WhiteTeamCountry "GER"]
[BlackTeamCountry "GER"]

1. d4 f5 2. Nf3 Nf6 3. g3 e6 4. Bg2 d5 5. 0-0 Bd6 6. c4 c6 7. b3 Qe7 8. Nc3 0-0 9. Bb2 Nbd7 10. Nd2 Ne4 11. Ndxe4 fxe4 12. f3 exf3 13. exf3 Qg5 14. Qd3 Rf6 15. f4 Qh5 16. Qf3 Qg6 1/2-1/2

[Event "Niederbayernliga 0607"]
[Site "Germany"]
[Date "2006.??.??"]
[Round "3.7"]
[White "Wimmer, Juergen"]
[Black "Englbrecht, Kurt"]
[Result "1-0"]
[WhiteElo "1788"]
[BlackElo "1595"]
[PlyCount "83"]
[EventDate "2006.??.??"]
[EventType "team"]
[EventRounds "9"]
[EventCountry "GER"]
[SourceTitle "EXT 2008"]
[Source "ChessBase"]
[SourceDate "2007.11.25"]
[SourceVersion "1"]
[SourceVersionDate "2007.11.25"]
[SourceQuality "1"]
[WhiteTeam "Vilshofen"]
[BlackTeam "Kauflanden"]
[WhiteTeamCountry "GER"]
[BlackTeamCountry "GER"]

1. d4 d6 2. Nf3 Nf6 3. c4 g6 4. Nc3 c6 5. g3 Bg7 6. Bg2 Bg4 7. 0-0 Nbd7 8. b3 Bxf3 9. Bxf3 Qc7 10. Qc2 e5 11. dxe5 Nxe5 12. Bg2 0-0 13. Bb2 Rfe8 14. Rac1 Rac8 15. Rfd1 Rcd8 16. Qb1 a6 17. e3 Qb8 18. Rd2 b5 19. cxb5 axb5 20. Ne2 c5 21. Nf4 c4 22. Nd5 Nxd5 23. Bxd5 Nd3 24. Bxg7 Nxc1 25. Bf6 Nd3 26. bxc4 bxc4 27. Qxb8 Rxb8 28. Bxc4 Rb1+ 29. Kg2 Ne1+ 30. Kh3 Rc1 31. Bb3 Rc5 32. g4 h5 33. Rxd6 hxg4+ 34. Kg3 Rf5 35. Bc3 Rf3+ 36. Kh4 g3 37. Rxg6+ Kh7 38. Rxg3 Rxg3 39. hxg3 Nf3+ 40. Kg4 Ne5+ 41. Bxe5 Rxe5 42. Bxf7 1-0

[Event "Erkel Memorial op"]
[Site "Gyula"]
[Date "2001.11.05"]
[Round "7"]
[White "Horvath, Zoltan2222"]
[Black "Wimmer, Juergen"]
[Result "1-0"]
[WhiteElo "2115"]
[BlackElo "2046"]
[PlyCount "75"]
[EventDate "2001.10.30"]
[EventType "swiss"]
[EventRounds "9"]
[EventCountry "HUN"]
[SourceTitle "EXT 2008"]
[Source "ChessBase"]
[SourceDate "2007.11.25"]
[SourceVersion "1"]
[SourceVersionDate "2007.11.25"]
[SourceQuality "1"]

1. e4 d6 2. f4 c5 3. Nf3 Nc6 4. d3 Nf6 5. c3 g6 6. Be2 Bg7 7. 0-0 0-0 8. h3 b5 9. Be3 Bb7 10. Nbd2 Qc7 11. Rc1 Rac8 12. d4 c4 13. d5 Nd8 14. Nd4 a6 15. g4 e6 16. g5 Nd7 17. Bf3 e5 18. fxe5 Nxe5 19. Bg4 Ra8 20. Rc2 Bc8 21. Bxc8 Rxc8 22. N2f3 Nb7 23. Nxe5 Bxe5 24. Nc6 Bg7 25. Bd4 Bxd4+ 26. Qxd4 Rce8 27. Re2 Nd8 28. Nxd8 Qxd8 29. Qf6 Re5 30. h4 Qxf6 31. Rxf6 Rd8 32. Kf2 Kg7 33. Ke3 Re7 34. Kd4 a5 35. e5 dxe5+ 36. Rxe5 Rxe5 37. Kxe5 b4 38. Ra6 1-0

[Event "Donau op-A 08th"]
[Site "Aschach"]
[Date "1999.12.29"]
[Round "5"]
[White "Wimmer, Juergen"]
[Black "Doskocil, Klaus"]
[Result "1/2-1/2"]
[WhiteElo "2020"]
[BlackElo "2196"]
[PlyCount "65"]
[EventDate "1999.12.26"]
[EventType "swiss"]
[EventRounds "7"]
[EventCountry "AUT"]
[SourceTitle "CBM 073 Extra"]
[Source "ChessBase"]
[SourceDate "2000.01.11"]
[SourceVersion "1"]
[SourceVersionDate "2000.01.11"]
[SourceQuality "1"]

1. e4 c5 2. Nf3 e6 3. d4 cxd4 4. Nxd4 Nf6 5. Bd3 Nc6 6. c3 e5 7. Nf5 d5 8. exd5 Nxd5 9. 0-0 g6 10. Ng3 Bg7 11. Bc4 Be6 12. Ne4 0-0 13. Ng5 Na5 14. Nxe6 fxe6 15. Bb3 Nxb3 16. axb3 Qe7 17. Qe2 Rf5 18. Be3 b6 19. Nd2 Raf8 20. f3 Rh5 21. Ne4 Qh4 22. g3 Qe7 23. Kg2 Rhf5 24. Rad1 Rd8 25. Bc1 h6 26. c4 Nb4 27. Rxd8+ Qxd8 28. Rd1 Qe7 29. Rd6 Rf7 30. Qd2 Na2 31. Qd1 Nxc1 32. Qxc1 Kh7 33. Qd1 1/2-1/2